01336nam a22003137a 4500003000400000005001700004008004100021040002200062082001800084100003200102245004300134260004700177300001900224366000800243490001300251505007200264505016800336505001200504650004600516650005000562650004400612650004800656650004300704650005500747650004700802942002900849999001500878952012900893OSt20230503131034.0221006b |||||||| |||| 00| 0 eng d cBiblioteca Lado V a709.05bR643f 9825aRoberts, Jameseeditor aFrieze/bContemporary Art And Culture/ bDurian Publications Ltd.aInglaterrac2003 c23x30cma108p. eeng a72v2003 tColumnsaLand Psychology Ephemera Design Music Books Obituary tFeaturesaPicture: Harry Smith's Under the influence A Secret history Mining for gold Home truths Notes from the underground Fantastic voyage Just for kicks tReviews 2Tesauro de Arte & ArquitecturaaARTE9703 2Tesauro de Arte & ArquitecturaaEXPOSICIONES  2Tesauro de Arte & ArquitecturaaCULTURA 2Tesauro de Arte & ArquitecturaaAPRECIACION 2Tesauro de Arte & ArquitecturaaTEORIA 2Tesauro de Arte & ArquitecturaaARTE CONTEMPORANEO 2Tesauro de Arte & ArquitecturaaINGLATERRA 2ddcc1h709.05iR643fn0 c3528d3528 00102ddc3200340708RevistasaLVbLVd2023-05-03h72i003033l0o709.05 R643fp003033r2023-05-03 00:00:00w2023-05-03y1